00252nam a2200109Ia 4500008004100000041000800041100001900049245002000068260003300088300000800121650001300129240614s9999 xx 000 0 und d aeng aBhagat, Chetan aOne Indian Girl bRupa Publicationc2016aPune a272 aGeneral